书目信息 |
| 题名: |
光滑极限量规
|
|
| 作者: | 上海机器制造学校专业教研组 编著 | |
| 分册: | ||
| 出版信息: | 北京 机械工业出版社 1974.08 |
|
| 页数: | 43页 | |
| 开本: | 19cm | |
| 丛书名: | ||
| 单 册: | ||
| 中图分类: | TG8 | |
| 科图分类: | ||
| 主题词: | 公差 , 技术测量 , 机械量仪 , 量具 | |
| 电子资源: | ||
| ISBN: | ||
| 000 | 00763nam0 2200253 450 | |
| 001 | 0652862281 | |
| 005 | 20061123144310.53 | |
| 010 | @dCNY0.13 | |
| 091 | @a15033.3692 | |
| 100 | @a20061123d1974 km y0chiy0120 ea | |
| 101 | 0 | @achi |
| 102 | @aCN@b110000 | |
| 200 | 1 | @a光滑极限量规@Aguang hua ji xian liang gui@f上海机器制造学校专业教研组编著@Fshang hai ji qi zhi zao xue xiao zhuan ye jiao yan zu bian zhu |
| 205 | @a2版 | |
| 210 | @a北京@c机械工业出版社@d1974.08 | |
| 215 | @a43页@d19cm | |
| 606 | 0 | @a公差 |
| 606 | 0 | @a技术测量 |
| 606 | 0 | @a机械量仪 |
| 606 | 0 | @a量具 |
| 690 | @aTG8@v3 | |
| 701 | 0 | @a上海机器制造学校专业教研组@Ashang hai ji qi zhi zao xue xiao zhuan ye jiao yan zu@4编著 |
| 801 | 0 | @aCN@bPFT@c20061123 |
| 905 | @a10447@dTG8@e15=2 | |
| 光滑极限量规/上海机器制造学校专业教研组编著.-2版.-北京:机械工业出版社,1974.08 |
| 43页;19cm |
| ISBN :CNY0.13 |
| ● |
| 相关链接 |
|
|
|
|
正题名:光滑极限量规
索取号:TG8/15=2
 
预约/预借
| 序号 | 登录号 | 条形码 | 馆藏地/架位号 | 状态 | 备注 |
| 1 | 0017514 | 001363517 | 第二样本阅览室/ [索取号:TG8/15=2] | 在馆 |